Probabilidad y estadísticas aplicadas a la ingeniería

Bibliographic Details
Main Authors: Montgomery, Douglas C., Runger, George C.
Format: Section = Libro
Language:Undetermined
Spanish
Published: México McGraw-Hill 1996
Subjects:
LEADER 00562nam a2200205Ia 4500
008 240830s9999 xx 000 0 und d
020 |a 970-10-1017-5 
040 |a B-ESTELÍ- RUACS / 519 M787 
041 |a spa 
082 |a 519 M787 
100 1 |a Montgomery, Douglas C. 
100 1 |b  Runger, George C. 
245 1 0 |a Probabilidad y estadísticas aplicadas a la ingeniería 
260 |a México  |b McGraw-Hill  |c 1996 
300 |a 895 p. :il 
650 7 |a PROBABILIDADES Y ESTADISTICAS 
650 7 |b  INGENIERÍA 
942 |c BK  |2 ddc 
991 |a TEXTO 
999 |c 10969